A szegedi fűszerpaprika termesztésének gazdasági földrajza (Különös tekintettel az 1960-1980 közötti időszakra)

Elmentve itt :
Bibliográfiai részletek
Szerző: Ambrus Lászlóné Bullás Rózsa
További közreműködők: nincs megadva (Témavezető)
Dokumentumtípus: Disszertáció
Megjelent: 1981
Kulcsszavak:Mezőgazdaság
Tárgyszavak:
Online Access:http://doktori.ek.szte.hu/6814
LEADER 00858nta a2200205 i 4500
001 dokt6814
005 20220718100801.0
008 220718s1981 hu om 0|| hun d
040 |a SZTE Doktori Repozitórium  |b hun 
041 |a hun 
100 2 |a Ambrus Lászlóné Bullás Rózsa 
245 1 2 |a A szegedi fűszerpaprika termesztésének gazdasági földrajza (Különös tekintettel az 1960-1980 közötti időszakra)  |h [elektronikus dokumentum] /  |c  Ambrus Lászlóné Bullás Rózsa 
260 |c 1981 
502 |a Disszertacio 
650 4 |a növénytermesztési és kertészeti tudományok 
650 4 |a Mezőgazdaság-tudományok 
650 4 |a Növénytermesztés és növényvédelem 
695 |a Mezőgazdaság 
700 1 |a nincs megadva  |e ths 
856 4 0 |u https://doktori.bibl.u-szeged.hu/id/eprint/6814/1/1981_ambrus_laszlone_bullas_rozsa.pdf  |z Dokumentum-elérés